Statistiques concernant Culture Générale - Série 1912

Cliquez ici pour prendre le quiz!

Statistiques générales

  • Ce quiz a été pris 67 fois
  • Le résultat moyen est 3 sur 10

Statistiques - réponses

QuestionRéponse% Correct
Dans quelle discipline sportive Brahim Asloum s'est-il distringué ?boxe
61%
Quel anglicisme signifie "petite allocution de circonstance" ?speech
51%
Dans quel département français se trouve la ville de Soissons ?Aisne
45%
Ce nom désigne un oiseau de mer, un navire de guerre et un modèle de voiture Renault.frégate
34%
En Asie, comment appelle-t-on la feuille de pain, faite de farine de blé et cuite sur la paroi brûlante d'un four ?naan
28%
Dans la mythologie grecque, quel héros est mort sur le mont Oeta, sur un bûcher ?Héraclès
18%
Dans quel pays se trouve le volcan du mont Apo ?Philippines
18%
Dans quel département français se trouve la ville d'Ault ?Somme
13%
Dans quelle ville du département de l'Aube, Napoléon Bonaparte a-t-il élève de son école militaire de 1779 à 1784 ?Brienne-le-Château
12%
La psalliote est un champignon comestible appelé également : .... voir photoagaric
9%

Distribution des résultats

Percentile par nombre de réponses

% des personnes avec chaque résultat

Votre développement - résultats

Vous n’avez pas pris ce quiz